| 000 | 00628nam a2200217 a 4500 | ||
|---|---|---|---|
| 999 |
_c4828 _d4828 |
||
| 001 | 4828 | ||
| 003 | BD-JhCC | ||
| 005 | 20220825134021.0 | ||
| 008 | 171203s2007 bg |||| || | 000 0 eng d | ||
| 035 | _a(BD-JhCC)4828 | ||
| 040 |
_aBD-JhCC _dBD-JhCC |
||
| 041 | _aeng | ||
| 082 |
_a425 _bAHM 2007 |
||
| 100 | _aAhmed, Matlub | ||
| 245 |
_aEnglish Version of Modern Functional Grammar : _bwith communicative English written & spoken / _cMatlub Ahmed, |
||
| 260 |
_aSylhet : _bAcademy for Arabic & English Language, _c2007. |
||
| 300 |
_a520 p. : _c22 cm. |
||
| 650 | _aEnglish Grammer | ||
| 942 |
_2ddc _cBK _01 |
||